LEGO Ninjago: Elemental Masters Minifigures by Picture - Statistics

General Stats
  • This quiz has been taken 103 times
    21 since last reset
  • The average score is 27 of 41
Answer Stats
Picture Hint Answer % Correct
Elemental Master of Earth Cole
100%
Elemental Master of Lightning Jay
100%
Elemental Master of Fire Kai
100%
Elemental Master of Energy Lloyd
100%
Elemental Master of Destruction Lord Garmadon
100%
Elemental Master of Creation Wu
100%
Elemental Master of Ice Zane
100%
Elemental Master of Water Nya
84%
Former Elemental Master of Wind Morro
79%
Elemental Master of Darkness Overlord
79%
Former Elemental Master of Time Acronix
74%
Former Elemental Master of Time Krux
74%
Elemental Master of Light Mr. Pale
74%
Elemental Master of Smoke Cinder
68%
Elemental Master of Amber Skylor
68%
Elemental Master of Poison Tox
68%
Former Elemental Master of Smoke Ash
63%
Elemental Master of Brown Dareth
63%
Elemental Master of Speed Griffin Turner
63%
Elemental Master of Metal Karlof
63%
Elemental Master of Mind Neuro
63%
Elemental Master of Brute Force Nokt
63%
Elemental Master of Fear Rox
63%
Elemental Master of Technology Sora
63%
Elemental Master of Nature Bolobo
58%
Elemental Master of Swarm Drix
58%
Elemental Master of Quake Frak
58%
Elemental Master of Gravity Gravis
58%
Former Elemental Master of Sound Jacob
58%
Elemental Master of Decay Kur
58%
Former Elemental Master of Water Maya
58%
Former Elemental Master of Shadow Shade
58%
Elemental Master of Heat Wyldfyre
58%
Elemental Master of Misfortune Zarkt
58%
Elemental Master of Form Chamille
53%
Elemental Master of Wind Euphrasia
53%
Former Elemental Master of Fire Ray
53%
Former Elemental Master of Lightning Libber
42%
Former Elemental Master of Earth Benton
32%
Former Elemental Master of Ice Hibernus
32%
Former Elemental Master of Shadow Dusk
26%
No matching quizzes found
Score Distribution
Percent of People with Each Score
Percentile by Number Answered
Your Score History
You have not taken this quiz since the last reset